বাংলা কথাসাহিত্যে শওকত ওসমান (১৯৪৭-১৯৮৬) / (Record no. 81684)
[ view plain ]
| 000 -LEADER | |
|---|---|
| fixed length control field | 01477nam a2200253 a 4500 |
| 001 - CONTROL NUMBER | |
| RUCL Control Number | 81684 |
| 003 - CONTROL NUMBER IDENTIFIER | |
| rucl marc code | BD-RjUL |
| 005 - DATE AND TIME OF LATEST TRANSACTION | |
| control field | 20230814104556.0 |
| 008 - FIXED-LENGTH DATA ELEMENTS--GENERAL INFORMATION | |
| fixed length control field | 230814s1991 bgt||||| m||| 00| 0 ben d |
| 035 ## - SYSTEM CONTROL NUMBER | |
| system control number | (BD-RjUL)81684 |
| 040 ## - CATALOGING SOURCE | |
| Original cataloging agency | BD-RjUL |
| Language of cataloging | ben / eng |
| Transcribing agency | BD-RjUL |
| Modifying agency | BD-RjUL |
| 041 ## - LANGUAGE CODE | |
| Language code of Book | ben |
| 082 ## - DEWEY DECIMAL CLASSIFICATION NUMBER | |
| DDC Edition number | 23 |
| Classification number | 891.44309 |
| Author mark and Year | HOB 1991 |
| 100 ## - MAIN ENTRY--PERSONAL NAME | |
| Personal name | হোসেন, খন্দকার ফরহাদ |
| 245 10 - TITLE STATEMENT | |
| Title | বাংলা কথাসাহিত্যে শওকত ওসমান (১৯৪৭-১৯৮৬) / |
| Statement of responsibility, etc | খন্দকার ফরহাদ হোসেন ; |
| Name of Supervisor/Co-Supervisor | তত্ত্বাবধায়ক : মোহাম্মদ আব্দুল আউয়াল |
| 260 ## - PUBLICATION, DISTRIBUTION, ETC. (IMPRINT) | |
| Place of publication, distribution, etc | রাজশাহী : |
| Name of publisher, distributor, etc | বাংলা বিভাগ, রাজশাহী বিশ্ববিদ্যালয়, |
| Date of publication, distribution, etc | ১৯৯১ |
| 300 ## - PHYSICAL DESCRIPTION | |
| Pagination | [৬], ৩২৫ পাতা ; |
| Dimensions | ২৯ সেমি. |
| 502 ## - DISSERTATION NOTE | |
| Dissertation note | থিসিস (এম. ফিল.) -- বাংলা বিভাগ, রাজশাহী বিশ্ববিদ্যালয়, ১৯৯১ |
| 504 ## - BIBLIOGRAPHY, ETC. NOTE | |
| Bibliography, etc | গ্রন্থপঞ্জী : পাতা ৩১১-৩২৫ |
| 650 ## - SUBJECT ADDED ENTRY--TOPICAL TERM | |
| Topical term or geographic name as entry element | বাংলা সাহিত্যে |
| Form subdivision | ইতিহাস ও সমালোচনা |
| 9 (RLIN) | 7217 |
| Topical term or geographic name as entry element | Bengali literature |
| Form subdivision | History and Criticism |
| 700 ## - ADDED ENTRY--SUPERVISOR/CO-SUPERVISOR NAME | |
| Personal name | আউয়াল, মোহাম্মদ আব্দুল, তত্ত্বাবধায়ক |
| 9 (RLIN) | 8337 |
| 942 ## - ADDED ENTRY ELEMENTS (KOHA) | |
| Source of classification or shelving scheme | Dewey Decimal Classification |
| Koha item type | Theses |
| Source of classification or shelving scheme | Damaged status | Not for loan | Collection code | Permanent Location | Current Location | Shelving location | Date of accession | Source of acquisition | Total Checkouts | Full call number | Barcode | Date last seen | Copy number | Thesis |
|---|---|---|---|---|---|---|---|---|---|---|---|---|---|---|
| Dewey Decimal Classification | Not For Loan | Theses | Central Library, University of Rajshahi | Central Library, University of Rajshahi | Documentation Section | 13/02/2021 | Controller of Exam. R. U. | BTHE 891.44309 HOB 1991 | D1581 | 14/08/2023 | C-1 | Theses |